Реферативный журнал.№4.Электронное издание.2013 (ბიბ.ჩანაწერი № 40975)
[ მარტივი ფორმატი ]
| 000 -LEADER | |
|---|---|
| fixed length control field | 00489nam a2200169Ia 4500 |
| 001 - CONTROL NUMBER | |
| control field | 7623 |
| 003 - CONTROL NUMBER IDENTIFIER | |
| control field | GE_BSU |
| 008 - FIXED-LENGTH DATA ELEMENTS--GENERAL INFORMATION | |
| fixed length control field | 181216s||||||||xx |||||||||||||| ||und|| |
| 040 ## - CATALOGING SOURCE | |
| Transcribing agency | GE_BSU |
| 245 ## - TITLE STATEMENT | |
| Title | Реферативный журнал.№4.Электронное издание.2013 |
| 245 ## - TITLE STATEMENT | |
| Remainder of title | 13Б.математический анализ. |
| 260 ## - PUBLICATION, DISTRIBUTION, ETC. | |
| Name of publisher, distributor, etc. | Винити. |
| 260 ## - PUBLICATION, DISTRIBUTION, ETC. | |
| Date of publication, distribution, etc. | 2013. |
| 300 ## - PHYSICAL DESCRIPTION | |
| Extent | CD-R 52x. |
| 653 ## - INDEX TERM--UNCONTROLLED | |
| Uncontrolled term | математический анализ. |
| 942 ## - ADDED ENTRY ELEMENTS (KOHA) | |
| Koha item type | კომპიუტერის ფაილები |
არაა ხელმისაწვდომი ეგზემპლარები.
